[Event "28th WSCC Women 50 2018"]
[Site "Bled"]
[Date "2018.11.26"]
[Round "8"]
[White "Ankudinova, Yelena"]
[Black "Grabuzova, Tatiana"]
[Result "1/2-1/2"]
[WhiteElo "2107"]
[BlackElo "2326"]
[Annotator "TA"]
[PlyCount "168"]
[EventDate "2018.11.17"]
[EventType "swiss"]
[EventCountry "SLO"]
[SourceTitle "playchess.com"]
[Source "ChessBase"]
[SourceQuality "1"]

{[%evp 22,168,19,4,4,-16,-18,-25,-24,-22,-18,-12,-7,-5,-5,-6,8,6,39,36,37,27,34,35,40,39,43,4,2,0,1,3,5,4,17,14,15,15,14,10,53,0,0,0,0,0,10,10,60,0,0,0,0,0,0,-24,-18,-80,-82,-112,-68,-83,-83,-83,-83,-83,-76,-83,-83,-182,-83,-83,-83,-83,-83,-83,-83,-83,-83,-83,-83,-83,-83,-100,-100,-100,-100,-100,-100,-100,-100,-100,0,-100,-100,-100,0,-100,-100,-100,0,0,0,0,0,-8,-8,-8,-8,-8,-8,-8,-8,-8,0,0,0,-8,-8,-8,0,0,0,-8,0,0,0,0,0,0,0,0,0,0,0,0,0,0,0,0,0,0,0,0,0,0,0,0,0]} 1. c4 Nf6 2. Nc3 e6 3. e4 d5 4. e5 d4 5. exf6 dxc3 6. bxc3 Qxf6 7. d4 Bd6 8. Nf3 h6 9. Bd3 c5 10. O-O Nc6 11. Be4 {A18: English Opening: Flohr-Mikenas System (1 c4 Nf6 2 Nc3 e6 3 e4)} (11. Be3 O-O 12. dxc5 Bf4 13. Bxf4 Qxf4 14. Qe2 Qc7 15. Rfe1 Re8 16. Nd4 Ne7 17. Qh5 Bd7 18. Re3 Nf5 19. Bxf5 exf5 20. Nxf5 {½-½ (32) Khairullin,I (2643)-Golubov,S (2347) St Petersburg 2014}) 11... O-O 12. Rb1 {LiveBook: 4 Games} (12. Bc2 {seems wilder.} Qe7 13. Qd3 f5 14. Ba3 Rd8 15. Rad1) 12... e5 {[%cal Rc5d4]} 13. Bxc6 bxc6 14. dxe5 Bxe5 15. Nxe5 Qxe5 16. Be3 $146 ({Predecessor:} 16. Qa4 Bf5 17. Rb7 Rae8 18. Be3 Re6 19. Qxa7 {1-0 (52) Kuhlmann,C (2169)-Cordes,H (2294) Germany 2000}) 16... Be6 17. Qa4 Qe4 18. Bxc5 Rfe8 19. Bd4 Qe2 20. Qxc6 Bxc4 21. a4 Rac8 22. Qd7 a6 23. h3 Red8 24. Qa7 Qe8 $132 {[%mdl 2048] Black puts up resistance} 25. Rfe1 Qxa4 26. Re3 {Strongly threatening Rg3.} Rd7 $1 {[%cal Rd7a7]} 27. Qb6 Qc6 28. Qxc6 Rxc6 29. Rb8+ Kh7 30. Ree8 h5 31. h4 (31. Rh8+ $14 Kg6 32. Bxg7 $1 {[%mdl 512]}) 31... f6 $11 32. Kh2 Re6 33. Rec8 Be2 34. Kg3 Bf1 35. Re8 ({White should try} 35. Rc5 $1 $14) 35... Rxe8 (35... Rdd6 {looks sharper.} 36. f3 Rxe8 37. Rxe8 a5 38. Rc8 Ra6) 36. Rxe8 {[%mdl 4096] Endgame KRB-KRB} Kg6 37. Rc8 Re7 38. Be3 Re4 {And now ...Rg4+ would win.} 39. Bf4 {[#]} (39. f3 $11 Rxe3 40. Kf2) 39... Bxg2 $1 $17 {[%mdl 512]} 40. c4 {[#]} (40. Kxg2 Rxf4) 40... Bh3 $1 {[%mdl 576] Deflection} 41. Kxh3 {Bd6 is the strong threat.} Rxf4 $15 {KR-KR} 42. Kg3 Rg4+ 43. Kh3 Rg1 44. c5 Rc1 45. c6 {[#]} (45. Kg3 $17 {keeps fighting.}) 45... Kf5 (45... Rc3+ $1 $19 {is more deadly.} 46. Kg2 Kf5) 46. Kg3 $17 Rc3+ 47. f3 Rc2 48. c7 Rc3 49. Ra8 Rxc7 {Threatens to win with ...Rc6.} 50. Rxa6 Rc5 51. Ra7 g5 52. hxg5 fxg5 53. Rh7 h4+ 54. Kf2 Rc2+ 55. Ke3 Rc3+ 56. Kf2 Rc2+ 57. Ke3 Kg6 58. Rh8 Rc7 ({Better is} 58... Kg7 $17 59. Rh5 Kg6) 59. Kf2 (59. f4 $1 $11 {remains equal.}) 59... Rh7 60. Rg8+ Kf6 (60... Kh6 $17 61. Kg2 Rf7) 61. Kg2 $11 {The position is equal.} Rc7 62. f4 $1 Rc2+ 63. Kg1 gxf4 {aiming for ...Kf5.} 64. Rg4 Kf5 65. Rxh4 Ke4 {Hoping for ...Ke3.} 66. Rh3 Re2 67. Kf1 Re3 68. Rh8 $1 Ra3 69. Rb8 Kf3 70. Kg1 $1 Ra1+ 71. Kh2 Re1 72. Rb4 Re4 73. Rb1 Kf2 74. Kh3 f3 75. Rb2+ Re2 (75... Ke1 $5 {[%cal Rf3f2]} 76. Kg3 Re3 77. Rb1+ Kd2 $11) 76. Rb1 Rd2 77. Kh2 Re2 78. Ra1 Rd2 79. Rb1 Ke2 (79... Rd6 $5 80. Rb2+ $8 Ke3 $17) 80. Kg1 $1 Rd4 81. Rb2+ Ke3 {White must now prevent ...Rd1+.} 82. Rb3+ Kf4 83. Rb8 Ke3 {( -> ...f2+)} 84. Re8+ Re4 {Accuracy: White = 66%, Black = 56%.} 1/2-1/2

[Event "28th WSCC Women 50 2018"]
[Site "Bled"]
[Date "2018.11.27"]
[Round "9"]
[White "Berend, Elvira"]
[Black "Bogumil, Tatiana"]
[Result "1-0"]
[WhiteElo "2332"]
[BlackElo "2114"]
[Annotator "TA"]
[PlyCount "103"]
[EventDate "2018.11.17"]
[EventType "swiss"]
[EventCountry "SLO"]
[SourceTitle "playchess.com"]
[Source "ChessBase"]
[SourceQuality "1"]

{[%evp 14,103,0,0,0,-12,1,0,-21,-58,37,19,7,20,9,6,14,27,68,27,23,23,34,34,71,65,76,50,55,25,65,59,147,139,189,204,182,189,239,247,272,284,291,245,340,333,422,417,411,406,392,396,401,347,354,339,326,355,404,402,413,412,416,414,397,398,411,403,538,530,492,521,515,514,510,515,512,495,450,469,464,450,652,630,29989,29990,29993,2188,29992,29993,29994,559]} 1. d4 Nf6 2. Nf3 c5 3. g3 cxd4 4. Nxd4 d5 5. Bg2 e5 6. Nb3 Nc6 7. Bg5 Be6 8. O-O Be7 {A43: Schmid Benoni} 9. Bxf6 gxf6 (9... Bxf6 10. c4 dxc4 11. Nc5 e4 12. Nd2 Bxb2 13. Nxe6 fxe6 14. Rb1 c3 15. Bxe4 Qxd2 16. Qxd2 cxd2 17. Rxb2 {½-½ (31) Svidler,P (2734)-Karjakin,S (2753) Khanty-Mansiysk 2015}) 10. Nc3 {[%cal Rc3d5]} d4 {The position is equal.} 11. Ne4 {[%cal Bc3e4,Be4d2,Bd2c4][%mdl 32]} Bd5 (11... Qb6 $1 $15) 12. e3 {[%cal Re3d4]} f5 13. Ned2 Bxg2 14. Kxg2 Qd5+ 15. Qf3 O-O-O 16. Qxd5 Rxd5 17. exd4 Nxd4 18. Nc4 $146 f4 19. Nxd4 exd4 20. gxf4 Rc5 21. Ne5 f6 22. Nd3 Rd5 ({Black should try} 22... Rxc2 $14 23. Rac1 Rxc1 24. Rxc1+ Kd7) 23. Kf3 $16 Kd7 {[#]} 24. Rg1 $1 Bf8 25. Rae1 b6 26. Re4 a5 27. a4 h5 28. h3 Bh6 29. Rge1 Rd6 30. Re7+ Kc6 31. Rf7 Rc8 32. Rh7 Bf8 33. Re2 Rd5 34. Rf7 Rd6 35. h4 Kd5 {Now ...Re6 and Black clings on.} 36. Rh7 Re6 {Black hopes to continue with ...Rxe2.} 37. Rxh5+ Kd6 38. Rxe6+ Kxe6 $18 {[%mdl 4096] Endgame KRB-KRN} 39. Rb5 Rc6 40. Ke4 Rd6 41. f5+ Kf7 42. Nf4 Rc6 43. Kd3 Bb4 44. Ne6 Rd6 45. h5 Kg8 46. Ke4 Be1 47. f4 Bf2 (47... Kh7 $142 48. Nxd4 Bg3) 48. Rd5 Rc6 49. Rd8+ Kh7 50. Rd7+ (50. Nf8+ $142 Kg8 51. h6 Rd6 52. h7+ Kf7 53. Rxd6 Bg3 54. h8=Q Bxf4 55. Kxf4 d3 56. Nh7 dxc2 57. Qf8#) 50... Kh8 51. Nf8 d3 52. Ng6+ {Accuracy: White = 80%, Black = 40%.} (52. h6 $142 Rc4+ 53. Kf3 Rxf4+ 54. Kxf4 Be3+ 55. Kxe3 dxc2 56. Ng6+ Kg8 57. h7#) 1-0

[Event "28th WSCC Women 50 2018"]
[Site "Bled"]
[Date "2018.11.27"]
[Round "9"]
[White "Krasenkova, Ilena"]
[Black "Ankudinova, Yelena"]
[Result "1/2-1/2"]
[WhiteElo "2144"]
[BlackElo "2107"]
[Annotator "ChessBase"]
[PlyCount "76"]
[EventDate "2018.11.17"]
[EventType "swiss"]
[EventCountry "SLO"]
[SourceTitle "playchess.com"]
[Source "ChessBase"]
[SourceQuality "1"]
[TimeControl "40/5400+30:1800+30"]

1. d4 {[%emt 0:00:00]} d5 {[%emt 0:00:28]} 2. Nf3 {[%emt 0:00:00]} Nf6 {[%emt 0:00:08]} 3. c4 {[%emt 0:00:00]} dxc4 {[%emt 0:00:07]} 4. Qa4+ {[%emt 0:00:00]} c6 {[%emt 0:00:29]} 5. Qxc4 {[%emt 0:00:00]} Bf5 {[%emt 0:00:12]} 6. g3 {[%emt 0:00:05]} e6 {[%emt 0:00:06]} 7. Bg2 {[%emt 0:00:04]} Nbd7 {[%emt 0:00:14]} 8. O-O {[%emt 0:00:20]} Be7 {[%emt 0:00:10]} 9. Nc3 {[%emt 0:00:16]} O-O {[%emt 0:00:08]} 10. Re1 {[%emt 0:00:09]} Ne4 {[%emt 0:02:50]} 11. Bf4 {[%emt 0:00:06]} Nb6 {[%emt 0:02:52]} 12. Qb3 {[%emt 0:00:13]} h6 {[%emt 0:08:54]} 13. a4 {[%emt 0:04:05]} a5 {[%emt 0:01:18]} 14. Rac1 {[%emt 0:01:12]} g5 {[%emt 0:01:16]} 15. Be3 {[%emt 0:00:15]} Bb4 {[%emt 0:00:48]} 16. Red1 {[%emt 0:00:17]} Nd5 {[%emt 0:01:13]} 17. Na2 {[%emt 0:04:38]} Qe7 {[%emt 0:09:06]} 18. Ne5 {[%emt 0:02:07]} Nxe3 {[%emt 0:12:08]} 19. Qxe3 {[%emt 0:00:06]} Nf6 {[%emt 0:00:45]} 20. f3 {[%emt 0:11:45]} Bh7 {[%emt 0:14:26]} 21. Qb3 {[%emt 0:00:56]} Bd6 {[%emt 0:00:14]} 22. e4 {[%emt 0:04:22]} Rfb8 {[%emt 0:06:10]} 23. Rd2 {[%emt 0:12:10]} Bc7 {[%emt 0:02:01]} 24. Kh1 {[%emt 0:08:43]} Kg7 {[%emt 0:05:18]} 25. Qe3 {[%emt 0:00:24]} Ne8 {[%emt 0:02:45]} 26. f4 {[%emt 0:01:48]} Nd6 {[%emt 0:10:09]} 27. b3 {[%emt 0:04:24]} Rd8 {[%emt 0:01:11]} 28. Nc3 {[%emt 0:03:18]} f6 {[%emt 0:06:13]} 29. Nc4 {[%emt 0:06:48]} f5 {[%emt 0:00:24]} 30. e5 {[%emt 0:11:03]} Nc8 {[%emt 0:00:28]} 31. Re1 {[%emt 0:04:23]} g4 {[%emt 0:00:40]} 32. Na2 {[%emt 0:02:26]} Bg6 {[%emt 0:00:23]} 33. Qc3 {[%emt 0:00:09]} Nb6 {[%emt 0:03:06]} 34. Qb2 {[%emt 0:07:18]} Nd5 {[%emt 0:00:36]} 35. Rc1 {[%emt 0:01:03]} Be8 {[%emt 0:00:14]} 36. Bxd5 {[%emt 0:00:29]} Rxd5 {[%emt 0:01:41]} 37. Nc3 {[%emt 0:03:47]} Rdd8 {[%emt 0:00:12]} 38. Rcd1 {[%emt 0:01:22]} h5 {[%emt 0:00:42]} 1/2-1/2

[Event "28th WSCC Women 50 2018"]
[Site "Bled"]
[Date "2018.11.27"]
[Round "9"]
[White "Makropoulou, Marina"]
[Black "Strutinskaia, Galina"]
[Result "1-0"]
[WhiteElo "2110"]
[BlackElo "2201"]
[Annotator "NA RC"]
[PlyCount "115"]
[EventDate "2018.11.17"]
[EventType "swiss"]
[EventCountry "SLO"]
[SourceTitle "playchess.com"]
[Source "ChessBase"]
[SourceQuality "1"]
[TimeControl "40/5400+30:1800+30"]

1. e4 {[%emt 0:00:00]} c5 {[%emt 0:00:00]} 2. Nf3 {[%emt 0:00:00]} Nc6 {[%emt 0:00:00]} 3. Bb5 {[%emt 0:00:00]} d6 {[%emt 0:00:08]} 4. O-O {[%emt 0:00:30]} Bd7 {[%emt 0:00:12]} 5. c3 {[%emt 0:02:04]} a6 {[%emt 0:06:14]} 6. Bxc6 {[%emt 0:00:46]} Bxc6 {[%emt 0:01:25]} 7. Re1 {[%emt 0:00:06]} Nf6 {[%emt 0:00:57]} 8. d4 {[%emt 0:00:12]} Bxe4 {[%emt 0:09:45]} 9. Bg5 {[%emt 0:00:11]} Bc6 {[%emt 0:05:41]} 10. Bxf6 {[%emt 0:01:25]} gxf6 {[%emt 0:00:15]} 11. Nh4 {[%emt 0:02:33] B51: Sicilian: Moscow Variation (3 Bb5+) without 3...Bd7} cxd4 {[%emt 0:04:34]} 12. cxd4 {[%emt 0:00:14]} Qa5 $146 {[%emt 0:00:22]} ({Predecessor:} 12... d5 13. Qf3 e6 14. Nc3 h5 15. Re3 Kd7 16. g3 Bh6 17. Re2 Bg5 18. Ng2 h4 {0-1 (26) Arngrimsson,D (2392)-Cheparinov,I (2696) Kallithea 2008}) 13. Nc3 {[%emt 0:00:55]} O-O-O {[%emt 0:01:12]} 14. d5 {[%emt 0:02:53]} Bd7 {[%emt 0:00:12]} 15. a3 {[%emt 0:16:02]} h5 {[%emt 0:01:12]} 16. b4 {[%emt 0:04:06]} Qb6 {[%emt 0:00:35]} 17. Na4 {[%emt 0:01:10]} Qa7 {[%emt 0:02:19]} 18. Nb2 {[%emt 0:02:03]} Kb8 {[%emt 0:02:53]} 19. a4 {[%emt 0:05:49]} Rg8 {[%emt 0:01:14]} 20. Rc1 {[%emt 0:05:05]} Rg4 {[%emt 0:01:08]} 21. Rc4 {[%emt 0:00:12]} Rc8 {[%emt 0:01:48]} 22. Rxg4 {[%emt 0:03:43]} hxg4 {[%emt 0:00:28]} 23. a5 {[%emt 0:01:50]} Bh6 {[%emt 0:05:10]} 24. Qd3 {[%emt 0:00:34]} Bg5 {[%emt 0:00:37]} 25. g3 {[%emt 0:02:00]} Bb5 {[%emt 0:06:30]} 26. Qe4 {[%emt 0:02:18]} Bd2 {[%emt 0:03:12]} 27. Rb1 {[%emt 0:04:29]} Bc3 {[%emt 0:00:43]} 28. Nd1 {[%emt 0:00:20]} Qd4 {[%emt 0:04:06]} 29. Nxc3 {[%emt 0:01:38]} Qxc3 {[%emt 0:00:03]} 30. Qxg4 {[%emt 0:05:47]} Rc4 {[%emt 0:02:16]} 31. Qg8+ {[%emt 0:03:33]} Ka7 {[%emt 0:00:05]} 32. Qd8 {[%emt 0:02:10]} Qd3 {[%emt 0:04:39]} 33. Re1 {[%emt 0:02:45]} Qxd5 {[%emt 0:02:19]} 34. Qxe7 {[%emt 0:01:14]} Rxb4 {[%emt 0:04:03]} 35. Qe3+ {[%emt 0:12:22]} Kb8 {[%emt 0:00:40]} 36. Qf3 {[%emt 0:03:29]} Qg5 {[%emt 0:04:34]} 37. Nf5 {[%emt 0:01:26]} Qd2 {[%emt 0:09:34]} 38. Qe3 {[%emt 0:01:37]} Qd5 {[%emt 0:04:02]} 39. Ne7 {[%emt 0:01:03]} Qc5 {[%emt 0:01:16]} 40. Qh6 {[%emt 0:00:00]} Rc4 {[%emt 0:00:00]} 41. Qxf6 {[%emt 0:05:45]} Rc1 {[%emt 0:02:06]} 42. Rxc1 {[%emt 0:01:06]} Qxc1+ {[%emt 0:00:02]} 43. Kg2 {[%emt 0:00:04]} Bf1+ {[%emt 0:01:16]} 44. Kf3 {[%emt 0:00:04]} Qd1+ {[%emt 0:02:39]} 45. Kf4 {[%emt 0:03:53]} Qa4+ $14 {[%emt 0:04:53]} 46. Ke3 {[%emt 0:01:17]} Qb3+ {[%emt 0:01:56]} 47. Kf4 {[%emt 0:00:31]} Qb4+ {[%emt 0:00:28]} 48. Kf3 {[%emt 0:02:31]} Qb3+ {[%emt 0:04:26]} 49. Kf4 {[%emt 0:00:27]} Qc4+ {[%emt 0:02:16]} 50. Kg5 {[%emt 0:03:13]} Qc5+ {[%emt 0:00:57]} 51. Nf5 {[%emt 0:03:14]} Qxa5 {[%emt 0:01:21]} 52. Qxd6+ {[%emt 0:02:25]} Qc7 {[%emt 0:00:17]} 53. h4 {[%emt 0:01:07]} Qxd6 {[%emt 0:02:13]} 54. Nxd6 {[%emt 0:00:05]} a5 {[%emt 0:00:03]} 55. h5 {[%emt 0:00:36]} a4 {[%emt 0:00:33]} 56. h6 {[%emt 0:00:10]} Bd3 {[%emt 0:00:25]} 57. Nf5 {[%emt 0:02:16]} f6+ {[%emt 0:00:07]} 58. Kf4 {[%emt 0:00:23]} 1-0

[Event "28th WSCC Women 50 2018"]
[Site "Bled"]
[Date "2018.11.27"]
[Round "9"]
[White "Mednikova, Svetlana"]
[Black "Kasoshvili, Tsiala"]
[Result "1/2-1/2"]
[WhiteElo "2099"]
[BlackElo "2029"]
[Annotator "NA"]
[PlyCount "72"]
[EventDate "2018.11.17"]
[EventType "swiss"]
[EventCountry "SLO"]
[SourceTitle "playchess.com"]
[Source "ChessBase"]
[SourceQuality "1"]
[TimeControl "40/5400+30:1800+30"]

1. e4 {[%emt 0:00:00]} d5 {[%emt 0:00:13]} 2. exd5 {[%emt 0:00:00]} Qxd5 {[%emt 0:00:02]} 3. Nc3 {[%emt 0:00:49]} Qa5 {[%emt 0:00:02]} 4. d4 {[%emt 0:00:19]} Nf6 {[%emt 0:00:06]} 5. Nf3 {[%emt 0:00:38]} Bf5 {[%emt 0:02:08]} 6. Ne5 {[%emt 0:02:24]} e6 {[%emt 0:18:28]} 7. g4 {[%emt 0:14:23]} Be4 {[%emt 0:10:11]} 8. Nc4 {[%emt 0:04:00]} Qb4 {[%emt 0:01:09]} 9. a3 {[%emt 0:01:27]} Qe7 {[%emt 0:00:20]} 10. Nxe4 {[%emt 0:01:17]} Nxe4 {[%emt 0:00:02]} 11. Qf3 {[%emt 0:01:37]} Nd6 {[%emt 0:11:48]} 12. Nxd6+ {[%emt 0:06:16]} cxd6 {[%emt 0:00:10]} 13. Bb5+ {[%emt 0:00:27]} Kd8 {[%emt 0:00:12]} 14. Bf4 {[%emt 0:03:53]} a6 {[%emt 0:04:57]} 15. Ba4 {[%emt 0:01:57]} d5 {[%emt 0:01:24]} 16. O-O-O {[%emt 0:06:34]} b5 {[%emt 0:02:22]} 17. Bb3 {[%emt 0:00:09]} Nc6 {[%emt 0:01:37]} 18. Rhe1 $14 {[%emt 0:08:35]} Qd7 {[%emt 0:00:53]} 19. g5 {[%emt 0:06:18]} Ra7 {[%emt 0:11:26]} 20. h4 {[%emt 0:00:32]} Rb7 {[%emt 0:11:31]} 21. h5 {[%emt 0:08:18]} Bd6 {[%emt 0:12:16]} 22. Bxd6 {[%emt 0:01:59]} Qxd6 {[%emt 0:00:04]} 23. Qg4 {[%emt 0:06:35]} Re7 {[%emt 0:00:24]} 24. c3 {[%emt 0:07:04]} g6 {[%emt 0:00:25]} 25. Bc2 {[%emt 0:00:38]} Kc7 {[%emt 0:00:23]} 26. Rh1 {[%emt 0:02:33]} Ree8 {[%emt 0:03:11]} 27. Rh4 {[%emt 0:00:41]} Ne7 {[%emt 0:00:54]} 28. hxg6 {[%emt 0:00:47]} hxg6 {[%emt 0:00:17]} 29. Rdh1 {[%emt 0:01:11]} Rxh4 {[%emt 0:00:17]} 30. Rxh4 {[%emt 0:01:02]} Nf5 {[%emt 0:00:42]} 31. Rh7 {[%emt 0:00:31]} Re7 {[%emt 0:00:27]} 32. Kb1 {[%emt 0:04:41]} Kb7 {[%emt 0:00:31]} 33. Rh8 {[%emt 0:02:12]} Rd7 {[%emt 0:01:52]} 34. Rh7 {[%emt 0:02:14]} Re7 {[%emt 0:00:07]} 35. Rh8 {[%emt 0:00:14]} Rd7 {[%emt 0:00:02]} 36. Rh7 {[%emt 0:02:35]} f6 1/2-1/2

[Event "28th WSCC Women 50 2018"]
[Site "Bled"]
[Date "2018.11.27"]
[Round "9"]
[White "Lauterbach, Ingrid"]
[Black "Grabuzova, Tatiana"]
[Result "0-1"]
[WhiteElo "2027"]
[BlackElo "2326"]
[Annotator "ChessBase"]
[PlyCount "62"]
[EventDate "2018.11.17"]
[EventType "swiss"]
[EventCountry "SLO"]
[SourceTitle "playchess.com"]
[Source "ChessBase"]
[SourceQuality "1"]
[TimeControl "40/5400+30:1800+30"]

1. e4 {[%emt 0:00:00]} e6 {[%emt 0:00:00]} 2. d3 {[%emt 0:00:00]} d5 {[%emt 0:00:00]} 3. Nd2 {[%emt 0:00:00]} c5 {[%emt 0:00:08]} 4. Ngf3 {[%emt 0:00:10]} Nc6 {[%emt 0:00:11]} 5. g3 {[%emt 0:00:44]} Nf6 {[%emt 0:00:13]} 6. Bg2 {[%emt 0:00:19]} Be7 {[%emt 0:00:11]} 7. O-O {[%emt 0:00:35]} b6 {[%emt 0:00:15]} 8. Re1 {[%emt 0:00:26]} Bb7 {[%emt 0:00:07]} 9. e5 {[%emt 0:03:33]} Nd7 {[%emt 0:00:14]} 10. c3 {[%emt 0:01:24]} Qc7 {[%emt 0:05:12]} 11. Qe2 {[%emt 0:00:45]} h6 {[%emt 0:08:44]} 12. Nf1 {[%emt 0:02:48]} g5 {[%emt 0:00:26]} 13. h3 {[%emt 0:00:19]} O-O-O {[%emt 0:02:32]} 14. d4 {[%emt 0:05:54]} Kb8 {[%emt 0:14:16]} 15. Be3 {[%emt 0:02:22]} Rc8 {[%emt 0:02:22]} 16. a3 {[%emt 0:04:32]} Na5 {[%emt 0:10:54]} 17. b4 {[%emt 0:12:05]} cxd4 {[%emt 0:04:02]} 18. cxd4 {[%emt 0:02:16]} Nc4 {[%emt 0:02:26]} 19. Rec1 {[%emt 0:02:42]} b5 {[%emt 0:13:22]} 20. Ne1 {[%emt 0:00:46]} Ndb6 {[%emt 0:06:06]} 21. Nd3 {[%emt 0:01:45]} Rcf8 {[%emt 0:03:28]} 22. f4 {[%emt 0:05:47]} f6 {[%emt 0:06:01]} 23. exf6 {[%emt 0:05:27]} Bxf6 {[%emt 0:00:13]} 24. fxg5 {[%emt 0:00:32]} hxg5 {[%emt 0:00:18]} 25. Bf2 {[%emt 0:02:09]} Qg7 {[%emt 0:01:34]} 26. Nc5 {[%emt 0:04:23]} Bxd4 {[%emt 0:03:46]} 27. Bxd4 {[%emt 0:01:50]} Qxd4+ {[%emt 0:00:05]} 28. Kh2 {[%emt 0:00:09]} Rf2 {[%emt 0:03:37]} 29. Nb3 {[%emt 0:03:07]} Qf6 {[%emt 0:02:23]} 30. Qd3 {[%emt 0:03:43]} d4 {[%emt 0:01:02]} 31. Rc2 {[%emt 0:03:12]} Bxg2 {[%emt 0:00:24]} 0-1

[Event "28th WSCC Women 50 2018"]
[Site "Bled"]
[Date "2018.11.28"]
[Round "10"]
[White "Berend, Elvira"]
[Black "Makropoulou, Marina"]
[Result "1/2-1/2"]
[WhiteElo "2332"]
[BlackElo "2110"]
[Annotator "TA"]
[PlyCount "36"]
[EventDate "2018.11.17"]
[EventType "swiss"]
[EventCountry "SLO"]
[SourceTitle "playchess.com"]
[Source "ChessBase"]
[SourceQuality "1"]

{[%evp 9,36,-10,-4,-60,-39,-40,-47,-54,-43,-52,-42,-54,-22,-31,0,0,0,0,22,33,37,-10,0,-11,-11,-29,62,-43,-39]} 1. e4 c5 2. Nf3 e6 3. d3 Nc6 4. g3 d5 5. Qe2 Nge7 {LiveBook: 262 Games} 6. Bg5 $146 {C00: French: Unusual White 2nd moves} (6. Bg2 $11) ({Predecessor:} 6. Bg2 g6 7. h4 h5 8. O-O Bg7 9. e5 Nf5 10. c3 b6 11. Bg5 Qc7 12. Re1 Ba6 13. a4 Nh6 14. Na3 Ng4 {0-1 (40) Carlsen,M (2834)-Spoelman,W (2578) chess.com INT 2018}) 6... h6 7. Bc1 g6 8. Bg2 Bg7 9. O-O b6 10. h4 Ba6 11. e5 Qc7 {[%cal Rc6e5]} 12. Re1 $1 Rd8 13. Bf4 g5 14. hxg5 Ng6 15. Bc1 hxg5 16. Bxg5 Rd7 {[%cal Rg6e5]} 17. Nc3 Nd4 (17... Kf8 $1 $11) 18. Qd2 ({Better is} 18. Nxd4 $1 $14 cxd4 19. Nxd5 Rxd5 20. Bxd5 exd5 21. Rac1) 18... Nxf3+ {Accuracy: White = 55%, Black = 52%.} 1/2-1/2

[Event "28th WSCC Women 50 2018"]
[Site "Bled"]
[Date "2018.11.28"]
[Round "10"]
[White "Grabuzova, Tatiana"]
[Black "Bogumil, Tatiana"]
[Result "1/2-1/2"]
[WhiteElo "2326"]
[BlackElo "2114"]
[Annotator "RC"]
[PlyCount "82"]
[EventDate "2018.11.17"]
[EventType "swiss"]
[EventCountry "SLO"]
[SourceTitle "playchess.com"]
[Source "ChessBase"]
[SourceQuality "1"]
[TimeControl "40/5400+30:1800+30"]

1. d4 Nf6 2. c4 c5 3. d5 b5 4. cxb5 a6 5. bxa6 g6 6. Nc3 Bxa6 7. e4 Bxf1 8. Kxf1 d6 9. g3 Bg7 10. Kg2 O-O 11. Nf3 Nbd7 12. a4 Qa5 13. Bd2 Ng4 14. Nb5 Qb6 15. Bc3 f6 16. Qe2 Qb7 17. Nd2 h5 18. h3 Nh6 19. Nc4 Nb6 20. Nxb6 Qxb6 21. g4 h4 22. f4 Nf7 23. Qf2 Bh6 24. Bd2 Qb7 25. Qxh4 g5 26. fxg5 Bxg5 27. Qe1 Rxa4 28. Rxa4 Qxb5 29. Ra2 Bxd2 30. Qxd2 Qc4 31. Ra3 Qxe4+ 32. Kh2 Qe5+ 33. Kg1 Rb8 34. Rh2 Qe4 35. Re2 Qb1+ 36. Qe1 Qxe1+ 37. Rxe1 Ne5 38. Re2 Rb4 39. Rg3 Kf7 40. g5 f5 41. Rge3 Kg6 1/2-1/2

[Event "28th WSCC Women 50 2018"]
[Site "Bled"]
[Date "2018.11.28"]
[Round "10"]
[White "Strutinskaia, Galina"]
[Black "Ankudinova, Yelena"]
[Result "1/2-1/2"]
[WhiteElo "2201"]
[BlackElo "2107"]
[Annotator "NA RC"]
[PlyCount "31"]
[EventDate "2018.11.17"]
[EventType "swiss"]
[EventCountry "SLO"]
[SourceTitle "playchess.com"]
[Source "ChessBase"]
[SourceQuality "1"]
[TimeControl "40/5400+30:1800+30"]

{[%evp 14,30,40,32767,32767,32767,44,37,64,32767,32767,32767,45,32767,32767,26,12,15,13]} 1. c4 e6 2. g3 d5 3. Bg2 Nf6 4. Nf3 c5 5. cxd5 Nxd5 6. O-O Nc6 7. d4 Be7 8. dxc5 Bxc5 9. Qc2 Qe7 {E06: Closed Catalan: Early deviations} 10. a3 {LiveBook: 13 Games} (10. Nc3 Nxc3 11. Qxc3 O-O 12. Bf4 f6 13. Rac1 Bb6 14. Be3 Bxe3 15. Qxe3 e5 16. Nd2 Nd4 17. Nb3 Nxb3 18. Qxb3+ Be6 19. Qa4 Rfd8 {½-½ (47) Ponomariov,R (2699)-Lu,S (2638) Danzhou 2017}) 10... a5 11. Nc3 $146 ({Predecessor:} 11. e4 Nc7 12. e5 h6 13. Nc3 Bd7 14. Ne4 Na6 15. Be3 Bxe3 16. Nd6+ Kf8 17. fxe3 {1-0 (33) Hess,M (2326)-Demir,B (2069) Tegernsee 2018}) 11... Nxc3 12. Qxc3 e5 13. Rd1 f6 14. Be3 Bxe3 15. Qxe3 Be6 16. Rac1 1/2-1/2

[Event "28th WSCC Women 50 2018"]
[Site "Bled"]
[Date "2018.11.28"]
[Round "10"]
[White "Birkholz, Olga"]
[Black "Lauterbach, Ingrid"]
[Result "1-0"]
[WhiteElo "2061"]
[BlackElo "2027"]
[Annotator "NA RC"]
[PlyCount "101"]
[EventDate "2018.11.17"]
[EventType "swiss"]
[EventCountry "SLO"]
[SourceTitle "playchess.com"]
[Source "ChessBase"]
[SourceQuality "1"]
[TimeControl "40/5400+30:1800+30"]

1. d4 Nf6 2. Nf3 d6 3. h3 Nbd7 4. Bf4 c5 5. e3 g6 6. Nbd2 Bg7 7. c3 O-O 8. Be2 b6 9. O-O Bb7 10. Re1 Re8 {A48: 1 d4 Nf6 2 Nf3 g6: Torre, London and Colle Systems} (10... a6 11. a4 cxd4 12. exd4 Nd5 13. Bh2 Bh6 14. Bf1 a5 15. Nc4 N7f6 16. Na3 Bf4 17. Bxf4 Nxf4 18. g3 N4d5 19. Bg2 {½-½ (64) Kamsky,G (2741)-Svidler,P (2747) Loo 2013}) 11. Bh2 d5 12. Ne5 Nxe5 13. Bxe5 Nd7 14. Bxg7 Kxg7 15. Nf3 f6 $146 ({Predecessor:} 15... Qc7 16. Rc1 e5 17. Qc2 e4 18. Nd2 {0-1 (46) Likatavicius,R (1278)-Persanyi,B (2059) Kouty nad Desnou 2016}) 16. c4 e5 17. dxc5 Nxc5 18. cxd5 Qxd5 19. b4 Ne6 20. Qa4 Bc6 21. b5 Nc5 22. Qc4 Qxc4 23. Bxc4 Bxf3 24. gxf3 Red8 25. Red1 Rxd1+ 26. Rxd1 Kf8 27. Kf1 Ke7 28. Ke2 Rd8 29. Rc1 Rd7 30. Rc2 f5 31. Rc1 Kf6 32. h4 h6 33. Rc2 $11 g5 34. hxg5+ Kxg5 35. Rc1 Kf6 36. Rh1 Rh7 37. Bg8 Rh8 38. Bc4 h5 39. f4 Ne4 40. fxe5+ Kxe5 41. Rh4 Kf6 42. f4 Kg6 43. Rh2 h4 44. Bd3 Nf6 45. Rg2+ Ng4 46. Rxg4+ Kf6 47. Rg2 h3 48. Rh2 Ke6 49. Kf3 Rd8 50. Bc4+ Kd6 51. Rd2+ {Kd5 Ke4} 1-0